[Event "TUR-chT Superleague 2018"]
[Site "Ankara"]
[Date "2018.07.30"]
[Round "7"]
[White "Tasdogen, Dincer"]
[Black "Isik, Alparslan"]
[Result "1-0"]
[WhiteElo "2280"]
[BlackElo "2212"]
[Annotator "NA"]
[PlyCount "73"]
[EventDate "2018.07.25"]
[EventType "team-tourn"]
[EventCountry "TUR"]
[SourceTitle "playchess.com"]
[Source "ChessBase"]
[SourceQuality "1"]
[TimeControl "40/5400+30:1800+30"]

1. e4 d6 2. d4 Nf6 3. Bd3 e5 4. Nf3 exd4 5. Nxd4 g6 6. O-O Bg7 7. Nc3 O-O 8. Bf4 Re8 9. Qd2 Nc6 10. Nxc6 bxc6 11. Rfe1 Be6 12. Rad1 Qb8 13. b3 Qb4 14. Na4 c5 15. Qxb4 cxb4 16. Bd2 a5 17. e5 dxe5 18. Rxe5 Ng4 {[%emt 0:52:30]} 19. Re2 {[%emt 1:05:30]} Bd7 {[%emt 0:12:30]} 20. Nc5 {[%emt 0:08:30]} Bc6 {[%emt 0:01:30]} 21. h3 {[%emt 0:07:17]} Ne5 {[%emt 0:07:30]} 22. Rde1 {[%emt 0:00:01]} Rad8 {[%emt 0:04:30]} 23. Bf4 {[%emt 0:04:58]} f6 {[%emt 0:09:09]} 24. Bxe5 {[%emt 0:00:23]} Rxe5 {[%emt 0:01:13]} 25. Rxe5 {[%emt 0:02:21]} fxe5 {[%emt 0:00:30]} 26. Ne6 {[%emt 0:00:04]} Rd5 {[%emt 0:09:01]} 27. Bc4 {[%emt 0:02:37]} Rd2 {[%emt 0:00:45]} 28. Nd4+ {[%emt 0:01:22]} Bd5 {[%emt 0:00:38]} 29. Nf3 {[%emt 0:00:01]} Rxc2 {[%emt 0:00:58]} 30. Bxd5+ {[%emt 0:00:13]} Kf8 {[%emt 0:00:12]} 31. Nxe5 {[%emt 0:01:33]} Ke7 {[%emt 0:02:12]} 32. Nd3+ {[%emt 0:01:00]} Kd6 {[%emt 0:00:31]} 33. Bc4 {[%emt 0:01:02]} Rxa2 {[%emt 0:00:26]} 34. Re6+ {[%emt 0:00:46]} Kd7 {[%emt 0:00:30]} 35. Nc5+ {[%emt 0:00:00]} Kd8 {[%emt 0:00:00]} 36. Bb5 {[%emt 0:00:40]} c6 {[%emt 0:00:01]} 37. Rxc6 {[%emt 0:00:00]} 1-0

[Event "TUR-chT Superleague 2018"]
[Site "Ankara"]
[Date "2018.07.30"]
[Round "7"]
[White "Uzumcu, Ahmet Utku"]
[Black "Kara, Yanki"]
[Result "0-1"]
[WhiteElo "2261"]
[BlackElo "2120"]
[Annotator "NA"]
[PlyCount "64"]
[EventDate "2018.07.25"]
[EventType "team-tourn"]
[EventCountry "TUR"]
[SourceTitle "playchess.com"]
[Source "ChessBase"]
[SourceQuality "1"]
[TimeControl "40/5400+30:1800+30"]

1. e4 g6 2. d4 Bg7 3. Nc3 d6 4. f4 a6 5. Be2 Nd7 6. Bf3 c5 7. dxc5 Nxc5 8. Nge2 Nf6 9. O-O O-O 10. h3 Rb8 11. Be3 Nfd7 12. a4 b6 13. g4 Bb7 14. Qd2 b5 15. axb5 axb5 16. Ng3 b4 17. Na4 Qc7 {[%emt 0:55:00]} 18. Nxc5 {[%emt 1:11:00]} Nxc5 {[%emt 0:01:30]} 19. Rab1 {[%emt 0:06:30]} Rfc8 {[%emt 0:03:30]} 20. b3 {[%emt 0:05:00]} Qb6 {[%emt 0:14:30]} 21. Qf2 {[%emt 0:03:22]} Ra8 {[%emt 0:00:30]} 22. f5 {[%emt 0:01:27]} Qc7 {[%emt 0:01:30]} 23. Bd4 {[%emt 0:03:12]} Nd7 {[%emt 0:01:30]} 24. fxg6 {[%emt 0:01:21]} fxg6 {[%emt 0:01:30]} 25. Be2 {[%emt 0:00:54]} Bxd4 {[%emt 0:02:30]} 26. Qxd4 {[%emt 0:00:28]} Ne5 {[%emt 0:00:00]} 27. Qxb4 {[%emt 0:00:15]} Qc3 {[%emt 0:02:19]} 28. Qxc3 {[%emt 0:03:23]} Rxc3 {[%emt 0:00:11]} 29. Kh2 {[%emt 0:00:25]} Rxc2 {[%emt 0:00:30]} 30. Rf2 {[%emt 0:01:15]} Raa2 {[%emt 0:01:54]} 31. Rbf1 {[%emt 0:00:24]} Ba6 {[%emt 0:00:27]} 32. Re1 {[%emt 0:01:18]} Nd3 {[%emt 0:00:13]} 0-1

[Event "TUR-chT Superleague 2018"]
[Site "Ankara"]
[Date "2018.07.30"]
[Round "7"]
[White "Yilmaz, Goktan"]
[Black "Samani, Yamac"]
[Result "1-0"]
[WhiteElo "2233"]
[BlackElo "2227"]
[Annotator "NA"]
[PlyCount "89"]
[EventDate "2018.07.25"]
[EventType "team-tourn"]
[EventCountry "TUR"]
[SourceTitle "playchess.com"]
[Source "ChessBase"]
[SourceQuality "1"]
[TimeControl "40/5400+30:1800+30"]

1. e4 c5 2. Nf3 Nc6 3. d4 cxd4 4. Nxd4 Nf6 5. Nc3 d6 6. Bg5 e6 7. Qd2 a6 8. O-O-O h6 9. Be3 Be7 10. f3 Nxd4 11. Bxd4 b5 12. g4 Bb7 13. Kb1 d5 14. e5 Nd7 15. Qe3 Rc8 16. Bd3 Nc5 17. f4 b4 18. Ne2 {[%emt 0:39:00]} Nxd3 {[%emt 1:17:30]} 19. Qxd3 {[%emt 0:07:30]} Bc6 {[%emt 0:01:30]} 20. Qxa6 {[%emt 0:16:30]} Qd7 {[%emt 0:02:20]} 21. Qd3 {[%emt 0:06:30]} Bb5 {[%emt 0:00:00]} 22. Qe3 {[%emt 0:00:30]} Bxe2 {[%emt 0:04:49]} 23. Qxe2 {[%emt 0:00:30]} Ra8 {[%emt 0:00:33]} 24. Qd3 {[%emt 0:04:30]} O-O {[%emt 0:01:02]} 25. f5 {[%emt 0:02:30]} Qa4 {[%emt 0:10:53]} 26. Qb3 {[%emt 0:00:30]} Ra6 {[%emt 0:01:01]} 27. Qxa4 {[%emt 0:05:57]} Rxa4 {[%emt 0:00:04]} 28. b3 {[%emt 0:01:39]} Ra6 {[%emt 0:00:10]} 29. c3 {[%emt 0:01:38]} Rfa8 {[%emt 0:02:45]} 30. Rd2 {[%emt 0:02:49]} bxc3 {[%emt 0:00:40]} 31. Bxc3 {[%emt 0:00:30]} Rc8 {[%emt 0:00:30]} 32. Bd4 {[%emt 0:00:30]} Rac6 {[%emt 0:00:30]} 33. Kb2 {[%emt 0:00:30]} Bg5 {[%emt 0:00:30]} 34. Re2 {[%emt 0:04:56]} Kf8 {[%emt 0:02:09]} 35. h4 {[%emt 0:01:16]} Bc1+ {[%emt 0:00:16]} 36. Kb1 {[%emt 0:00:30]} Ba3 {[%emt 0:00:13]} 37. Bb2 {[%emt 0:00:00]} Bxb2 {[%emt 0:00:20]} 38. Kxb2 {[%emt 0:00:34]} Rc3 {[%emt 0:00:07]} 39. fxe6 {[%emt 0:01:44]} fxe6 {[%emt 0:00:30]} 40. Rf1+ {[%emt 0:00:30]} Kg8 {[%emt 0:00:08]} 41. Rf4 {[%emt 0:02:27]} Kh7 {[%emt 0:03:30]} 42. h5 {[%emt 0:01:30]} Kg8 {[%emt 0:00:30]} 43. a4 {[%emt 0:01:30]} Rg3 {[%emt 0:01:30]} 44. Rc2 {[%emt 0:01:30]} Rb8 {[%emt 0:00:00]} 45. b4 {[%emt 0:18:30]} 1-0

[Event "TUR-chT Superleague 2018"]
[Site "Ankara"]
[Date "2018.07.30"]
[Round "7"]
[White "Kizilkaya, Mehmet"]
[Black "Dastan, Muhammed Batuhan"]
[Result "0-1"]
[WhiteElo "2205"]
[BlackElo "2552"]
[Annotator "TA"]
[PlyCount "128"]
[EventDate "2018.07.25"]
[EventType "team-tourn"]
[EventCountry "TUR"]
[SourceTitle "playchess.com"]
[Source "ChessBase"]
[SourceQuality "1"]

{[%evp 12,128,19,-10,0,0,-10,-1,23,14,7,8,124,14,29,20,34,38,58,0,0,0,0,0,0,7,13,-17,-18,-50,-51,-86,-64,-66,-58,-62,-63,-156,-142,-167,-159,-165,-164,-172,-174,-214,-187,-175,-165,-181,-158,-170,-162,-177,-175,-176,-177,-176,-171,-196,-189,-193,-170,-216,-202,-219,-175,-179,-177,-250,-238,-360,-354,-352,-367,-345,-308,-393,-385,-393,-387,-401,-395,-397,-400,-483,-467,-743,-728,-895,-882,-883,-583,-583,-524,-524,-429,-578,-579,-569,-555,-964,-1048,-1476,-1331,-1112,-1010,-1637,-642,-1139,-875,-12839,-12838,-29986,-29987,-29987,-29988,-29989,-29988]} 1. e4 c5 2. c3 d5 3. exd5 Qxd5 4. d4 g6 5. Nf3 Bg7 6. Be3 Nf6 {B06: Modern Defence} (6... cxd4 7. Nxd4 Nf6 8. Na3 O-O 9. Qb3 Nc6 10. Qxd5 Nxd5 11. Nxc6 bxc6 12. Bd2 Rb8 13. Nc4 Ba6 14. O-O-O {½-½ (66) Pourramezanali,A (2534)-Yu,Y (2750) Ashkhabad 2017}) 7. h3 {LiveBook: 4 Games} O-O 8. Na3 $146 ({Predecessor:} 8. c4 Qd8 9. Nc3 Qa5 10. Qa4 Qxa4 11. Nxa4 cxd4 12. Nxd4 Na6 13. a3 Rd8 14. Rc1 {1-0 (33) Csato,E (2050)-Kerek,C (2150) Hungary 1994}) 8... cxd4 {The position is equal.} 9. Bc4 Qh5 10. Nxd4 Bg4 11. Qb3 Na6 (11... Nc6 $11 {keeps the balance.}) 12. Ne2 ({Only move:} 12. Qxb7 $16 Nc5 13. Qxe7) 12... Bc8 13. Nf4 Qa5 14. O-O Nc7 15. Nb5 (15. Rfe1 $14) 15... Nxb5 $11 16. Qxb5 Qxb5 17. Bxb5 e5 18. Nd3 Nd5 19. Bc5 Rd8 {And now ...Nc7 would win.} 20. Nb4 Be6 $36 {[%mdl 2048] Black is more active.} 21. Ba4 Rac8 22. Nxd5 $1 {[#] Black must now prevent Ne7+.} Rxc5 23. Ne3 Rd2 24. Bc2 (24. Rfb1 $15) 24... Bh6 $17 {Hoping for ...Bxe3.} 25. Rac1 Bxa2 26. Ng4 Bg5 27. Rfe1 {[#]} e4 $1 {[%mdl 512]} 28. Nh2 (28. Bxe4 Rxb2) 28... f5 29. Nf1 Bc4 30. h4 Bxf1 31. Kxf1 Bxh4 32. Re2 Rd8 33. Rd1 Rxd1+ 34. Bxd1 $19 {[%mdl 4096] Endgame KRB-KRB} Bg5 35. Bb3+ Kg7 36. g3 Bc1 37. Bd1 Rd5 38. Ke1 a5 39. Rc2 Bg5 40. c4 (40. f3 $142) 40... Rd3 41. Re2 (41. c5 {was called for.}) 41... Be7 42. Ba4 b6 43. Kf1 Bb4 44. Bc6 Kf6 45. Kg2 h6 46. Be8 Bc5 47. Ba4 Rd4 48. Rc2 g5 {[%cal Bg6g5,Bg5g4][%mdl 32]} 49. Bc6 (49. g4 $142) 49... g4 50. Bd5 Ke5 51. Bf7 Rd3 52. Be8 Bd4 53. Ba4 Kf6 54. Re2 Bc5 55. Be8 Kg5 56. Bc6 h5 57. Bd5 h4 58. gxh4+ Kxh4 59. Be6 Kg5 (59... f4 $142 60. Kf1 e3 61. fxe3 f3) 60. Bd5 Kf4 61. Bc6 g3 62. fxg3+ Rxg3+ {Black mates.} 63. Kh2 Kf3 64. Rc2 Rg6 {Precision: White = 36%, Black = 74%.} 0-1

[Event "TUR-chT Superleague 2018"]
[Site "Ankara"]
[Date "2018.07.30"]
[Round "7"]
[White "Ozkan, Ervin"]
[Black "Ertan, Can"]
[Result "0-1"]
[WhiteElo "2171"]
[BlackElo "2379"]
[Annotator "NA"]
[PlyCount "88"]
[EventDate "2018.07.25"]
[EventType "team-tourn"]
[EventCountry "TUR"]
[SourceTitle "playchess.com"]
[Source "ChessBase"]
[SourceQuality "1"]
[TimeControl "40/5400+30:1800+30"]

1. d4 Nf6 2. Bf4 c5 3. e3 Nd5 4. Bg3 Qb6 5. Nc3 Nxc3 6. bxc3 d5 7. Bxb8 Rxb8 8. Rb1 Qa5 9. Bb5+ Kd8 10. dxc5 Qxc3+ 11. Kf1 e6 12. Ne2 Qxc5 13. g3 Bd6 14. Kg2 Ke7 15. Nf4 h5 16. h4 g6 17. Be2 Bd7 18. Bf3 Rhc8 19. Rb2 a5 20. Re1 {[%emt 1:13:00]} a4 {[%emt 0:48:30]} 21. Nd3 {[%emt 0:04:30]} Qc3 {[%emt 0:01:30]} 22. e4 {[%emt 0:01:30]} dxe4 {[%emt 0:02:30]} 23. Bxe4 {[%emt 0:02:30]} Bc6 {[%emt 0:00:30]} 24. Qf3 {[%emt 0:00:41]} a3 {[%emt 0:02:30]} 25. Rb6 {[%emt 0:02:45]} Qd4 {[%emt 0:04:30]} 26. Rbb1 {[%emt 0:04:30]} Bxe4 {[%emt 0:03:30]} 27. Rxe4 {[%emt 0:00:30]} Qd5 {[%emt 0:00:00]} 28. Rd1 {[%emt 0:01:35]} Qxa2 {[%emt 0:05:00]} 29. Rd4 {[%emt 0:01:56]} Rd8 {[%emt 0:01:30]} 30. Nb4 {[%emt 0:05:46]} Qb2 {[%emt 0:03:30]} 31. Qd3 {[%emt 0:01:06]} Bc7 {[%emt 0:00:30]} 32. Qc4 {[%emt 0:01:24]} Bb6 {[%emt 0:02:30]} 33. R4d3 {[%emt 0:03:23]} Rxd3 {[%emt 0:05:30]} 34. Rxd3 {[%emt 0:00:53]} Rd8 {[%emt 0:01:30]} 35. Rxd8 {[%emt 0:00:36]} Kxd8 {[%emt 0:00:30]} 36. Qf4 {[%emt 0:00:36]} Ke7 {[%emt 0:01:30]} 37. Qe4 {[%emt 0:00:45]} Kf8 {[%emt 0:00:30]} 38. Nd3 {[%emt 0:00:25]} Qxc2 {[%emt 0:02:30]} 39. Qb4+ {[%emt 0:00:03]} Kg7 {[%emt 0:00:30]} 40. Qxa3 {[%emt 0:00:00]} Bd4 {[%emt 0:00:30]} 41. Kh3 {[%emt 0:11:06]} e5 {[%emt 0:03:30]} 42. g4 {[%emt 0:03:46]} Qe2 {[%emt 0:01:30]} 43. gxh5 {[%emt 0:00:55]} Qf3+ {[%emt 0:00:30]} 44. Kh2 {[%emt 0:00:00]} Bxf2 {[%emt 0:00:30]} 0-1

[Event "TUR-chT Superleague 2018"]
[Site "Ankara"]
[Date "2018.07.30"]
[Round "7"]
[White "Oksuz, Akin"]
[Black "Karagollu, Ahmet"]
[Result "1/2-1/2"]
[WhiteElo "2167"]
[BlackElo "2127"]
[Annotator "NA"]
[PlyCount "127"]
[EventDate "2018.07.25"]
[EventType "team-tourn"]
[EventCountry "TUR"]
[SourceTitle "playchess.com"]
[Source "ChessBase"]
[SourceQuality "1"]
[TimeControl "40/5400+30:1800+30"]

1. d4 Nf6 2. c4 g6 3. Nc3 Bg7 4. e4 d6 5. f3 O-O 6. Be3 Nc6 7. Nge2 a6 8. Qd2 Na5 9. Nc1 Nd7 10. b4 Nc6 11. d5 Nxb4 12. Rb1 a5 13. Nb5 b6 14. Be2 e5 15. O-O Na6 16. Bd1 Nac5 17. Bc2 Nf6 18. Ne2 Ne8 19. Bg5 f6 20. Bh4 Qe7 21. g4 Rf7 22. Bf2 {[%emt 1:00:00]} Qf8 {[%emt 0:58:30]} 23. Be3 {[%emt 0:00:30]} f5 {[%emt 0:02:30]} 24. exf5 {[%emt 0:04:30]} gxf5 {[%emt 0:00:30]} 25. h3 {[%emt 0:00:00]} Bd7 {[%emt 0:04:30]} 26. Ng3 {[%emt 0:03:00]} f4 {[%emt 0:11:30]} 27. Bxc5 {[%emt 0:00:30]} Bxb5 {[%emt 0:06:30]} 28. cxb5 {[%emt 0:00:30]} dxc5 {[%emt 0:01:14]} 29. Ne4 {[%emt 0:03:30]} Bf6 {[%emt 0:05:35]} 30. Rfe1 {[%emt 0:28:05]} Bh4 {[%emt 0:01:39]} 31. Re2 {[%emt 0:00:01]} Nd6 {[%emt 0:00:44]} 32. Nxd6 {[%emt 0:01:28]} cxd6 {[%emt 0:00:12]} 33. Bf5 {[%emt 0:01:31]} Kh8 {[%emt 0:01:44]} 34. Qd3 {[%emt 0:00:59]} Qh6 {[%emt 0:00:49]} 35. Be6 {[%emt 0:01:10]} Rf6 {[%emt 0:00:29]} 36. Kg2 {[%emt 0:00:25]} Ra7 {[%emt 0:00:48]} 37. Rh1 {[%emt 0:00:53]} Rg7 {[%emt 0:01:19]} 38. Kf1 {[%emt 0:00:46]} Qg5 {[%emt 0:00:50]} 39. a4 {[%emt 0:00:32]} Rc7 {[%emt 0:01:25]} 40. Qc4 {[%emt 0:00:00]} Rh6 {[%emt 0:01:42]} 41. Qe4 {[%emt 0:04:10]} Rf6 {[%emt 0:03:30]} 42. Rc2 {[%emt 0:04:30]} Qh6 {[%emt 0:04:30]} 43. Bf5 {[%emt 0:00:30]} Qf8 {[%emt 0:01:30]} 44. Ke2 {[%emt 0:01:30]} Qf7 {[%emt 0:00:30]} 45. Kd3 {[%emt 0:00:30]} Qg8 {[%emt 0:02:30]} 46. Kc4 {[%emt 0:01:30]} Qg5 {[%emt 0:00:30]} 47. Re2 {[%emt 0:09:33]} Rg7 {[%emt 0:00:30]} 48. Be6 {[%emt 0:01:48]} Rgg6 {[%emt 0:01:30]} 49. Bf5 {[%emt 0:00:01]} Rh6 {[%emt 0:00:30]} 50. Qb1 {[%emt 0:01:32]} Bg3 {[%emt 0:01:30]} 51. Rd2 {[%emt 0:03:37]} Rh4 {[%emt 0:01:30]} 52. Qf1 {[%emt 0:00:44]} h5 {[%emt 0:05:30]} 53. Re2 {[%emt 0:01:35]} Rh6 {[%emt 0:00:30]} 54. Qb1 {[%emt 0:00:42]} hxg4 {[%emt 0:00:33]} 55. Bxg4 {[%emt 0:00:16]} Kg7 {[%emt 0:01:07]} 56. Qf5 {[%emt 0:02:29]} Qxf5 {[%emt 0:01:20]} 57. Bxf5 {[%emt 0:00:30]} Kf6 {[%emt 0:00:00]} 58. Bg4 {[%emt 0:01:13]} Kg5 {[%emt 0:02:09]} 59. Rf1 {[%emt 0:00:16]} Rh7 {[%emt 0:03:08]} 60. Kd3 {[%emt 0:00:29]} Rc7 {[%emt 0:01:57]} 61. Rc1 {[%emt 0:00:02]} Rhh7 {[%emt 0:00:42]} 62. Ke4 {[%emt 0:00:21]} Rhf7 {[%emt 0:00:53]} 63. Be6 {[%emt 0:01:01]} Rf6 {[%emt 0:00:16]} 64. Bg4 {[%emt 0:00:00]} 1/2-1/2

[Event "TUR-chT Superleague 2018"]
[Site "Ankara"]
[Date "2018.07.30"]
[Round "7"]
[White "Ererdem, Gani Eren"]
[Black "Korkmaz, Necmettin"]
[Result "1-0"]
[WhiteElo "2157"]
[BlackElo "2056"]
[Annotator "NA"]
[PlyCount "73"]
[EventDate "2018.07.25"]
[EventType "team-tourn"]
[EventCountry "TUR"]
[SourceTitle "playchess.com"]
[Source "ChessBase"]
[SourceQuality "1"]
[TimeControl "40/5400+30:1800+30"]

1. d4 d5 2. c4 c6 3. Nf3 Nf6 4. Nc3 e6 5. e3 Nbd7 6. Bd3 Bd6 7. O-O O-O 8. e4 dxc4 9. Bxc4 e5 10. Be3 Qe7 11. Bb3 exd4 12. Bxd4 Ne5 13. Nxe5 Bxe5 14. Bxe5 Qxe5 15. f4 Qc5+ 16. Kh1 Bg4 17. Qe1 Rfe8 18. Qg3 Be6 19. e5 Nd7 20. Rad1 Rad8 21. Ne4 {[%emt 0:39:30]} Qe7 {[%emt 1:20:00]} 22. Nd6 {[%emt 0:03:30]} Bxb3 {[%emt 0:02:46]} 23. Nxe8 {[%emt 0:05:30]} Rxe8 {[%emt 0:00:17]} 24. Qxb3 {[%emt 0:01:30]} Nc5 {[%emt 0:00:21]} 25. Qa3 {[%emt 0:00:30]} b6 {[%emt 0:00:59]} 26. Qf3 {[%emt 0:00:30]} f6 {[%emt 0:02:13]} 27. Qxc6 {[%emt 0:01:30]} fxe5 {[%emt 0:00:36]} 28. b4 {[%emt 0:00:30]} Ne6 {[%emt 0:03:32]} 29. fxe5 {[%emt 0:00:30]} Nf8 {[%emt 0:01:34]} 30. Qd5+ {[%emt 0:08:30]} Ne6 {[%emt 0:00:10]} 31. h3 {[%emt 0:00:00]} g6 {[%emt 0:00:42]} 32. a3 {[%emt 0:02:00]} Kg7 {[%emt 0:01:12]} 33. Qc6 {[%emt 0:10:30]} Nd8 {[%emt 0:01:54]} 34. Qf6+ {[%emt 0:01:30]} Qxf6 {[%emt 0:01:06]} 35. exf6+ {[%emt 0:00:30]} Kf8 {[%emt 0:01:13]} 36. Rd7 {[%emt 0:00:30]} Ne6 {[%emt 0:01:57]} 37. Rxh7 {[%emt 0:00:30]} 1-0

[Event "TUR-chT Superleague 2018"]
[Site "Ankara"]
[Date "2018.07.30"]
[Round "7"]
[White "Tarlabasi, Emirhan"]
[Black "Bozbey, Ali"]
[Result "1/2-1/2"]
[WhiteElo "2117"]
[BlackElo "2126"]
[Annotator "NA"]
[PlyCount "209"]
[EventDate "2018.07.25"]
[EventType "team-tourn"]
[EventCountry "TUR"]
[SourceTitle "playchess.com"]
[Source "ChessBase"]
[SourceQuality "1"]
[TimeControl "40/5400+30:1800+30"]

1. d4 d6 2. c4 e5 3. Nc3 exd4 4. Qxd4 Nc6 5. Qd2 Nf6 6. b3 a5 7. g3 a4 8. bxa4 Be6 9. Bg2 Bxc4 10. Nh3 d5 11. O-O Bb4 12. Qb2 O-O 13. Bd2 {[%emt 1:04:30]} Qe7 {[%emt 0:59:00]} 14. a3 {[%emt 0:06:30]} Ba5 {[%emt 0:00:30]} 15. Rfe1 {[%emt 0:02:30]} Nd4 {[%emt 0:03:30]} 16. e4 {[%emt 0:04:30]} dxe4 {[%emt 0:10:30]} 17. Nxe4 {[%emt 0:00:51]} Bxd2 {[%emt 0:06:27]} 18. Nxd2 {[%emt 0:06:14]} Ne2+ {[%emt 0:00:41]} 19. Kh1 {[%emt 0:00:30]} Ba6 {[%emt 0:00:00]} 20. Nf3 {[%emt 0:05:29]} Rfe8 {[%emt 0:03:53]} 21. Nfg1 {[%emt 0:03:38]} Qe5 {[%emt 0:01:12]} 22. Qxe5 {[%emt 0:02:25]} Rxe5 {[%emt 0:00:04]} 23. Nxe2 {[%emt 0:03:48]} Rxe2 {[%emt 0:00:50]} 24. Rxe2 {[%emt 0:00:30]} Bxe2 {[%emt 0:00:30]} 25. Bxb7 {[%emt 0:00:00]} Rxa4 {[%emt 0:00:00]} 26. Nf4 {[%emt 0:00:30]} Bb5 {[%emt 0:00:19]} 27. Kg2 {[%emt 0:01:01]} Kf8 {[%emt 0:00:51]} 28. Rc1 {[%emt 0:00:29]} Ra7 {[%emt 0:00:15]} 29. Bf3 {[%emt 0:00:31]} Rxa3 {[%emt 0:00:45]} 30. Rxc7 {[%emt 0:00:46]} Bf1+ {[%emt 0:00:30]} 31. Kxf1 {[%emt 0:00:00]} Rxf3 {[%emt 0:00:00]} 32. Kg2 {[%emt 0:00:57]} Ra3 {[%emt 0:00:00]} 33. h3 {[%emt 0:00:13]} g5 {[%emt 0:00:33]} 34. Ne2 {[%emt 0:00:09]} Rd3 {[%emt 0:00:30]} 35. Ng1 {[%emt 0:00:55]} Rd5 {[%emt 0:00:32]} 36. Nf3 {[%emt 0:00:13]} h6 {[%emt 0:01:17]} 37. Nh2 {[%emt 0:01:01]} Kg7 {[%emt 0:00:27]} 38. Nf1 {[%emt 0:00:14]} Rd7 {[%emt 0:00:30]} 39. Rc4 {[%emt 0:00:18]} Nd5 {[%emt 0:01:44]} 40. Nh2 {[%emt 0:00:00]} f6 {[%emt 0:03:10]} 41. Rc6 {[%emt 0:02:48]} Ne7 {[%emt 0:00:30]} 42. Ra6 {[%emt 0:01:30]} h5 {[%emt 0:02:30]} 43. Nf3 {[%emt 0:01:30]} Nf5 {[%emt 0:02:30]} 44. Ra4 {[%emt 0:01:30]} Kg6 {[%emt 0:00:30]} 45. Re4 {[%emt 0:00:30]} Re7 {[%emt 0:01:30]} 46. Ra4 {[%emt 0:03:30]} Re2 {[%emt 0:00:30]} 47. Kf1 {[%emt 0:00:30]} Re6 {[%emt 0:00:30]} 48. h4 {[%emt 0:01:30]} gxh4 {[%emt 0:00:30]} 49. Nxh4+ {[%emt 0:00:30]} Nxh4 {[%emt 0:00:30]} 50. Rxh4 {[%emt 0:00:00]} Rb6 {[%emt 0:00:30]} 51. Rf4 {[%emt 0:01:00]} Kg5 {[%emt 0:00:30]} 52. Kg2 {[%emt 0:00:30]} Rb2 {[%emt 0:00:00]} 53. Ra4 {[%emt 0:00:00]} Rc2 {[%emt 0:00:00]} 54. Ra5+ {[%emt 0:00:00]} Kg4 {[%emt 0:01:30]} 55. Ra6 {[%emt 0:00:30]} Kg5 {[%emt 0:00:30]} 56. Ra5+ {[%emt 0:00:30]} Kg4 {[%emt 0:00:00]} 57. Ra8 {[%emt 0:00:00]} Rb2 {[%emt 0:00:00]} 58. Rg8+ {[%emt 0:01:00]} Kf5 {[%emt 0:00:30]} 59. Re8 {[%emt 0:00:00]} Kg4 {[%emt 0:00:00]} 60. Re4+ {[%emt 0:00:00]} Kf5 {[%emt 0:00:00]} 61. Re3 {[%emt 0:02:30]} Kg4 {[%emt 0:01:30]} 62. Re1 {[%emt 0:01:30]} Ra2 {[%emt 0:00:30]} 63. Rh1 {[%emt 0:00:30]} Rb2 {[%emt 0:00:30]} 64. Rh4+ {[%emt 0:00:30]} Kg5 {[%emt 0:00:00]} 65. Re4 {[%emt 0:00:30]} Kf5 {[%emt 0:00:00]} 66. Re3 {[%emt 0:05:29]} Kg4 {[%emt 0:00:00]} 67. Rf3 {[%emt 0:00:44]} Kg5 {[%emt 0:01:00]} 68. Rf4 {[%emt 0:01:18]} Ra2 {[%emt 0:00:00]} 69. Rh4 {[%emt 0:00:16]} Rc2 {[%emt 0:00:00]} 70. Kg1 {[%emt 0:00:30]} Rc1+ {[%emt 0:00:00]} 71. Kg2 {[%emt 0:00:00]} Rc2 {[%emt 0:00:00]} 72. Kf1 {[%emt 0:00:00]} Rc1+ {[%emt 0:00:30]} 73. Ke2 {[%emt 0:00:00]} Rc2+ {[%emt 0:00:00]} 74. Ke1 {[%emt 0:02:17]} Ra2 {[%emt 0:00:00]} 75. Rh2 {[%emt 0:01:24]} Ra1+ {[%emt 0:01:30]} 76. Ke2 {[%emt 0:00:30]} Ra2+ {[%emt 0:00:00]} 77. Kf1 {[%emt 0:00:08]} Ra1+ {[%emt 0:00:00]} 78. Kg2 {[%emt 0:00:30]} Ra2 {[%emt 0:00:00]} 79. Kh3 {[%emt 0:00:00]} Ra1 {[%emt 0:00:00]} 80. f3 {[%emt 0:00:55]} Rf1 {[%emt 0:01:30]} 81. Kg2 {[%emt 0:00:32]} Ra1 {[%emt 0:00:00]} 82. f4+ {[%emt 0:00:49]} Kg6 {[%emt 0:00:00]} 83. Kh3 {[%emt 0:00:00]} Rg1 {[%emt 0:00:30]} 84. Ra2 {[%emt 0:00:24]} Rh1+ {[%emt 0:00:30]} 85. Kg2 {[%emt 0:00:30]} Rb1 {[%emt 0:00:00]} 86. Ra5 {[%emt 0:00:47]} Rb2+ {[%emt 0:01:00]} 87. Kh3 {[%emt 0:00:30]} Rb1 {[%emt 0:00:00]} 88. Ra3 {[%emt 0:04:57]} Rh1+ {[%emt 0:00:00]} 89. Kg2 {[%emt 0:00:30]} Rb1 {[%emt 0:00:30]} 90. Kf3 {[%emt 0:00:30]} Rf1+ {[%emt 0:00:00]} 91. Kg2 {[%emt 0:00:00]} Rb1 {[%emt 0:00:00]} 92. Ra2 {[%emt 0:00:02]} Rb3 {[%emt 0:00:00]} 93. Kh3 {[%emt 0:00:12]} Rb1 {[%emt 0:00:00]} 94. Ra5 {[%emt 0:01:18]} Rh1+ {[%emt 0:00:30]} 95. Kg2 {[%emt 0:00:30]} Rb1 {[%emt 0:00:00]} 96. Rc5 {[%emt 0:00:10]} Rb2+ {[%emt 0:00:00]} 97. Kh3 {[%emt 0:00:13]} Rb1 {[%emt 0:00:30]} 98. Ra5 {[%emt 0:00:30]} Rh1+ {[%emt 0:00:30]} 99. Kg2 {[%emt 0:00:30]} Rb1 {[%emt 0:00:00]} 100. Rc5 {[%emt 0:00:00]} Rb2+ {[%emt 0:00:00]} 101. Kf3 {[%emt 0:00:13]} Rb3+ {[%emt 0:00:00]} 102. Kf2 {[%emt 0:00:00]} Rb2+ {[%emt 0:00:00]} 103. Kf3 {[%emt 0:00:17]} Rb3+ {[%emt 0:00:30]} 104. Kf2 {[%emt 0:00:00]} Rb2+ {[%emt 0:00:00]} 105. Kf3 {[%emt 0:00:14]} 1/2-1/2

[Event "TUR-chT Superleague 2018"]
[Site "Ankara"]
[Date "2018.07.30"]
[Round "7"]
[White "Caglar, Ahmet Ata"]
[Black "Kovalev, Vladislav"]
[Result "0-1"]
[WhiteElo "2097"]
[BlackElo "2655"]
[Annotator "TA"]
[PlyCount "48"]
[EventDate "2018.07.25"]
[EventType "team-tourn"]
[EventCountry "TUR"]
[SourceTitle "playchess.com"]
[Source "ChessBase"]
[SourceQuality "1"]

{[%evp 24,48,37,39,39,37,66,24,53,28,102,-4,-7,-5,-9,-64,-51,-40,-60,-58,-12,-142,-75,-168,-163,-166,-164]} 1. d4 Nf6 2. c4 g6 3. Nc3 Bg7 4. e4 d6 5. Be2 O-O 6. Be3 Na6 7. Nf3 e5 8. O-O Ng4 9. Bg5 Qe8 10. h3 exd4 {E94: Königsindisch (Klassisches System)} (10... h6 11. Bc1 exd4 12. Nxd4 Nf6 13. Bd3 Nc5 14. Re1 Bd7 15. Bf1 Qd8 16. Nb3 Na4 17. Bd2 Nxb2 18. Qc1 Na4 19. Nxa4 Bxa4 20. Bxh6 {½-½ (127) Kuljasevic,D (2546)-Ganguly,S (2658) Biel 2017}) 11. Nxd4 Nf6 12. Bf3 Qe5 13. Be3 {LiveBook: 4 Partien} Nc5 {[%cal Rf6e4]} 14. Ndb5 Qe7 15. Bg5 Be6 16. b4 Na6 $146 {[#]} (16... a6 $1 $11) ({Vorgänger:} 16... a6 17. bxc5 axb5 18. cxb5 {0-1 (99) Gladyszev,O (2388)-Kjetzae,J (2225) Budapest 1999}) 17. e5 ({Lieber} 17. Qb3 $1 $16) 17... dxe5 $11 {zielt auf ...Tfd8 ab.} 18. Bxb7 {Droht stark Df3.} Rad8 $1 {[%cal Rd8d1]} 19. Qe2 (19. Qf3 $11 Nxb4 20. Ne4) 19... Nxb4 $15 {Weiss muss nun ...c6 beachten.} 20. a3 c6 21. axb4 Qxb7 22. Nxa7 {[#]} (22. Bxf6 $1 $11 {war der einzige Weg, das Gleichgewicht zu behalten.} Bxf6 23. Ne4) 22... Ra8 ({Schwächer ist} 22... Qxb4 23. Bxf6 Bxf6 24. Qf3 $11) (22... Rd4 $142 $1 23. Bxf6 Bxf6) 23. Bxf6 (23. Be3 $17) 23... Bxf6 $19 24. Qf3 Kg7 {Precision: Weiß = 21%, Schwarz = 45%.} ({Nicht} 24... Rxa7 25. Qxf6 Bxc4 26. Rxa7 $11) 0-1